00487nam a22001337a 4500082001400000100002100014245008200035260006800117300000700185650002600192942000900218952010900227999001700336 a294.5 VIN aVintsushi Yikhir aA Study on Purusartha and its Ethical Relevance to Contemporary Hindu Society aHenry Martyn Institute, HyderabadbHenry Martyn Institutec2021 a88 aHinduism-Purusharthas cTHES 001040708REFaHMIbHMIcREFd2021-12-01estudentl0o294.5 VINp11-4550r2021-12-01w2021-12-01yTHES c23203d23203